[Event "14. Obert Int. Sant Marti 2012"]
[Site "Barcelona ESP"]
[Date "2012.07.20"]
[Round "8.28"]
[White "Hernandez Moya, Yuleisy"]
[Black "Mestre Bellido, Hector"]
[Result "1/2-1/2"]
[WhiteElo "2177"]
[BlackElo "2339"]
[PlyCount "94"]
[EventDate "2012.07.13"]
[EventType "swiss"]
[EventRounds "9"]
[EventCountry "ESP"]
[SourceTitle "Ajedrez en Madrid"]
[Source "lmi"]
[SourceDate "2012.07.13"]
[SourceVersion "1"]
[SourceVersionDate "2019.06.21"]
[SourceQuality "1"]

1. e4 e5 2. Nf3 d6 3. d4 Nf6 4. Nc3 Nbd7 5. dxe5 dxe5 6. Bc4 Bb4 7. O-O O-O 8.
Bg5 c6 9. Qe2 h6 10. Bh4 Re8 11. Bxf7+ Kxf7 12. Qc4+ Re6 13. Qxb4 a5 14. Qb3 b5
15. Ne2 Qc7 16. Bxf6 Nxf6 17. Ng3 Bd7 18. Rad1 Rae8 19. Rd2 Kg8 20. Rfd1 Kh7
21. Nh4 g6 22. h3 Bc8 23. c4 b4 24. c5 Nd7 25. Qe3 Kg7 26. Nhf5+ gxf5 27. exf5
R6e7 28. Rd6 Rh8 29. Nh5+ Kf8 30. Rxh6 Reh7 31. Rxh7 Rxh7 32. Qg5 Ba6 33. Rd6
Bc4 34. Qg6 Bg8 35. Rxc6 Qd8 36. Qd6+ Ke8 37. Qg6+ Kf8 38. Qd6+ Ke8 39. g4 Rxh5
40. gxh5 Qg5+ 41. Kf1 Bc4+ 42. Ke1 Qg1+ 43. Kd2 Qxf2+ 44. Kc1 Qf1+ 45. Qd1 Qf4+
46. Qd2 Qf1+ 47. Qd1 Qf4+ 1/2-1/2

[Event "14. Obert Int. Sant Marti 2012"]
[Site "Barcelona ESP"]
[Date "2012.07.20"]
[Round "8.29"]
[White "Paljusaj, Edmond"]
[Black "Garriga Cazorla, Pere"]
[Result "0-1"]
[WhiteElo "2334"]
[BlackElo "2056"]
[PlyCount "118"]
[EventDate "2012.07.13"]
[EventType "swiss"]
[EventRounds "9"]
[EventCountry "ESP"]
[SourceTitle "Ajedrez en Madrid"]
[Source "lmi"]
[SourceDate "2012.07.13"]
[SourceVersion "1"]
[SourceVersionDate "2019.06.21"]
[SourceQuality "1"]

1. e4 c5 2. Nf3 Nc6 3. d4 cxd4 4. Nxd4 g6 5. c4 Bg7 6. Be3 Nf6 7. Nc3 O-O 8.
Be2 d6 9. O-O Bd7 10. Qd2 Nxd4 11. Bxd4 Bc6 12. Bd3 a5 13. b3 Nd7 14. Bxg7 Kxg7
15. Rfe1 Qb6 16. Bf1 Rfe8 17. Rab1 Nf8 18. Re3 Kg8 19. h4 Qc5 20. Nd5 Bxd5 21.
exd5 e5 22. h5 Qc7 23. Rbe1 Re7 24. f4 Rae8 25. f5 f6 26. fxg6 hxg6 27. Qf2 f5
28. Rh3 f4 29. Qh4 Rh7 30. Qg4 Qg7 31. Bd3 Rxh5 32. Rxh5 gxh5 33. Qxh5 Re7 34.
Qh3 Qf6 35. Kf2 Rg7 36. Rh1 e4 37. Qh8+ Kf7 38. Qh5+ Ke7 39. Bc2 Qd4+ 40. Kf1
Qa1+ 41. Qd1 Qxd1+ 42. Bxd1 Kf6 43. Rh5 Rh7 44. a3 Rxh5 45. Bxh5 Ke5 46. Kf2
Nd7 47. Ke2 Nc5 48. b4 axb4 49. axb4 Na6 50. b5 Nc5 51. Kd2 Kd4 52. Be2 b6 53.
Kc2 e3 54. Kb2 Ne4 55. Kc2 Ng3 56. Bd3 Nh1 57. Be2 Nf2 58. Bf1 Ne4 59. Be2 Nd2
0-1

[Event "14. Obert Int. Sant Marti 2012"]
[Site "Barcelona ESP"]
[Date "2012.07.20"]
[Round "8.30"]
[White "Chakravarthi, Y V K.."]
[Black "Rodriguez, Eric"]
[Result "1/2-1/2"]
[WhiteElo "2053"]
[BlackElo "2327"]
[PlyCount "92"]
[EventDate "2012.07.13"]
[EventType "swiss"]
[EventRounds "9"]
[EventCountry "ESP"]
[SourceTitle "Ajedrez en Madrid"]
[Source "lmi"]
[SourceDate "2012.07.13"]
[SourceVersion "1"]
[SourceVersionDate "2019.06.21"]
[SourceQuality "1"]

1. d4 Nf6 2. c4 a6 3. Nc3 c5 4. e3 e6 5. Nf3 Be7 6. Be2 O-O 7. O-O d5 8. cxd5
exd5 9. dxc5 Bxc5 10. b3 Nc6 11. Bb2 Bd6 12. Rc1 Be6 13. Na4 Ne4 14. Bd3 Bf5
15. Bb1 Re8 16. Kh1 Bg4 17. h3 Bh5 18. Qxd5 Bxf3 19. gxf3 Qh4 20. Kg2 Nb4 21.
Qf5 Ng3 22. Qxh7+ Qxh7 23. Bxh7+ Kxh7 24. fxg3 Rxe3 25. Bd4 Rd3 26. Rcd1 Re8
27. Nc3 f5 28. Rxd3 Nxd3 29. Rd1 Ne1+ 30. Kf2 Nc2 31. Bb6 Bb4 32. Rc1 Na3 33.
Nd5 Bd6 34. Be3 Re5 35. Nf4 Re7 36. Ne2 Nb5 37. a4 Nc7 38. Bf4 Bxf4 39. Nxf4 g5
40. Ne2 Kg6 41. Rd1 Ne8 42. Nc3 Rc7 43. Ne2 Kf6 44. f4 gxf4 45. gxf4 Rc6 46.
Kf3 Nd6 1/2-1/2

[Event "14. Obert Int. Sant Marti 2012"]
[Site "Barcelona ESP"]
[Date "2012.07.20"]
[Round "8.31"]
[White "Dominguez Pons, Eric"]
[Black "Porta Tovar, Guillem"]
[Result "1-0"]
[WhiteElo "2325"]
[BlackElo "1846"]
[PlyCount "89"]
[EventDate "2012.07.13"]
[EventType "swiss"]
[EventRounds "9"]
[EventCountry "ESP"]
[SourceTitle "Ajedrez en Madrid"]
[Source "lmi"]
[SourceDate "2012.07.13"]
[SourceVersion "1"]
[SourceVersionDate "2019.06.21"]
[SourceQuality "1"]

1. e4 e5 2. Nf3 Nc6 3. d4 exd4 4. Nxd4 Nf6 5. Nc3 Bb4 6. Nxc6 bxc6 7. Bd3 O-O
8. O-O d5 9. exd5 cxd5 10. Bg5 c6 11. Ne2 Bc5 12. c4 d4 13. Qa4 Qd6 14. Bf4 Qe7
15. Qxc6 Bd7 16. Qb7 Nh5 17. Qf3 Nxf4 18. Nxf4 Rae8 19. Nd5 Qe5 20. Qg3 Qxg3
21. hxg3 Bc6 22. Nf4 g5 23. Ne2 f5 24. Rfd1 Be4 25. Nc1 f4 26. gxf4 Rxf4 27.
Bxe4 Rfxe4 28. Nd3 Bd6 29. Re1 Kf7 30. Rxe4 Rxe4 31. Kf1 Kf6 32. b4 Rh4 33. Ke2
Rh2 34. c5 Bc7 35. Rg1 Ke6 36. b5 Kd5 37. a4 Kc4 38. Rc1+ Kb3 39. b6 axb6 40.
cxb6 Bxb6 41. Rb1+ Kxa4 42. Rxb6 Rxg2 43. Rh6 Kb3 44. Rxh7 Kc4 45. Ne5+ 1-0

[Event "14. Obert Int. Sant Marti 2012"]
[Site "Barcelona ESP"]
[Date "2012.07.20"]
[Round "8.32"]
[White "Prasanna, Raghuram Rao"]
[Black "Dave, Dhyani"]
[Result "1-0"]
[WhiteElo "2428"]
[BlackElo "2170"]
[PlyCount "49"]
[EventDate "2012.07.13"]
[EventType "swiss"]
[EventRounds "9"]
[EventCountry "ESP"]
[SourceTitle "Ajedrez en Madrid"]
[Source "lmi"]
[SourceDate "2012.07.13"]
[SourceVersion "1"]
[SourceVersionDate "2019.06.21"]
[SourceQuality "1"]

1. d4 d5 2. e3 Nf6 3. Bd3 c5 4. c3 e6 5. Nf3 Nc6 6. Nbd2 Bd6 7. O-O O-O 8. Qe2
Re8 9. e4 dxe4 10. Nxe4 Nxe4 11. Bxe4 cxd4 12. cxd4 h6 13. Rd1 f5 14. Bxc6 bxc6
15. Ne5 Bb7 16. Bf4 Rc8 17. Rac1 Bf8 18. Qh5 Qf6 19. Rc3 g5 20. Rg3 Bg7 21.
Bxg5 hxg5 22. Rxg5 Red8 23. Rg6 Qe7 24. Rd3 Qb4 25. Rxg7+ 1-0

[Event "14. Obert Int. Sant Marti 2012"]
[Site "Barcelona ESP"]
[Date "2012.07.20"]
[Round "8.33"]
[White "Garcia Castellote, Oscar"]
[Black "Mamedjarova, Zeinab"]
[Result "1/2-1/2"]
[WhiteElo "2088"]
[BlackElo "2307"]
[PlyCount "69"]
[EventDate "2012.07.13"]
[EventType "swiss"]
[EventRounds "9"]
[EventCountry "ESP"]
[SourceTitle "Ajedrez en Madrid"]
[Source "lmi"]
[SourceDate "2012.07.13"]
[SourceVersion "1"]
[SourceVersionDate "2019.06.21"]
[SourceQuality "1"]

1. e4 e5 2. Nf3 Nc6 3. Bb5 a6 4. Ba4 Nf6 5. d4 exd4 6. O-O Be7 7. Re1 O-O 8. e5
Ne8 9. c3 d6 10. cxd4 dxe5 11. Bxc6 bxc6 12. Nxe5 Bd6 13. Nxc6 Qf6 14. d5 Bd7
15. Nc3 Qh4 16. g3 Qh3 17. Ne4 Bxc6 18. dxc6 Rb8 19. Nxd6 Nxd6 20. Bf4 Rfd8 21.
Re7 Nb5 22. Rd7 Rxd7 23. Qxd7 Qxd7 24. cxd7 Rd8 25. Rd1 f6 26. Rd2 g5 27. a4
gxf4 28. axb5 axb5 29. gxf4 Kf7 30. Rd5 c6 31. Rd6 c5 32. Rd5 c4 33. Kg2 Ke6
34. Rxb5 Rxd7 35. Rc5 1/2-1/2

[Event "14. Obert Int. Sant Marti 2012"]
[Site "Barcelona ESP"]
[Date "2012.07.20"]
[Round "8.34"]
[White "Shatko, Danil"]
[Black "Espinoza Palomino, Willyam"]
[Result "1-0"]
[WhiteElo "2143"]
[BlackElo "2296"]
[PlyCount "117"]
[EventDate "2012.07.13"]
[EventType "swiss"]
[EventRounds "9"]
[EventCountry "ESP"]
[SourceTitle "Ajedrez en Madrid"]
[Source "lmi"]
[SourceDate "2012.07.13"]
[SourceVersion "1"]
[SourceVersionDate "2019.06.21"]
[SourceQuality "1"]

1. d4 Nf6 2. c4 e6 3. Nc3 Bb4 4. f3 d5 5. a3 Bxc3+ 6. bxc3 c5 7. cxd5 Nxd5 8.
Qd3 b6 9. e4 Ne7 10. dxc5 Qc7 11. Qd6 Qb7 12. Rb1 Nbc6 13. Bg5 f6 14. Be3 Kf7
15. cxb6 Rd8 16. Qc5 axb6 17. Rxb6 Qd7 18. Kf2 Ne5 19. Bd4 N7c6 20. Bb5 Nxd4
21. cxd4 Qxd4+ 22. Qxd4 Rxd4 23. Ne2 Rd8 24. a4 Nd3+ 25. Ke3 Nc5 26. Rc1 Na6
27. Rxc8 Raxc8 28. Rxa6 e5 29. Rc6 Rb8 30. Nc3 Rd4 31. Rc4 Rbd8 32. Rc7+ Kg6
33. Nd5 Rd1 34. Rd7 Rxd7 35. Bxd7 Kf7 36. Bb5 Ke6 37. Nc7+ Ke7 38. a5 Rc1 39.
Nd5+ Kd6 40. a6 Ra1 41. Be2 f5 42. Nc3 f4+ 43. Kf2 Kc5 44. Nd5 Ra2 45. h4 Ra1
46. h5 Rh1 47. Bf1 Kc6 48. Ne7+ Kc7 49. a7 Kb7 50. Nc8 g6 51. Bc4 Ra1 52. Bd5+
Kxc8 53. a8=Q+ Rxa8 54. Bxa8 gxh5 55. Kg1 Kd7 56. Kh2 Ke6 57. Kh3 Kf6 58. Kh4
Kg6 59. Bc6 1-0

[Event "14. Obert Int. Sant Marti 2012"]
[Site "Barcelona ESP"]
[Date "2012.07.20"]
[Round "8.35"]
[White "Kopaloff, Nick"]
[Black "Ortega Serra, Marc"]
[Result "1-0"]
[WhiteElo "2075"]
[BlackElo "2223"]
[PlyCount "125"]
[EventDate "2012.07.13"]
[EventType "swiss"]
[EventRounds "9"]
[EventCountry "ESP"]
[SourceTitle "Ajedrez en Madrid"]
[Source "lmi"]
[SourceDate "2012.07.13"]
[SourceVersion "1"]
[SourceVersionDate "2019.06.21"]
[SourceQuality "1"]

1. e4 e6 2. d4 d5 3. e5 c5 4. Qg4 Qc7 5. Nf3 Nc6 6. Qg3 cxd4 7. Bd3 Bd7 8. a3
O-O-O 9. b4 f6 10. exf6 Qxg3 11. hxg3 Nxf6 12. b5 Na5 13. Bb2 Bc5 14. Nbd2 e5
15. Nxe5 Rde8 16. f4 Ng4 17. O-O Ne3 18. Rfe1 Nac4 19. Nexc4 dxc4 20. Nxc4 Nxc4
21. Bxc4 d3+ 22. Kf1 dxc2 23. Bd3 Rxe1+ 24. Rxe1 Rd8 25. Rc1 b6 26. Rxc2 Bg4
27. Be2 Bf5 28. Rc1 Rd6 29. Bxg7 Kd7 30. Bf8 Be3 31. Bxd6 Bxc1 32. Bb4 Be6 33.
Bd3 h5 34. f5 Bd5 35. Kf2 Bg5 36. Bc3 Be7 37. a4 Bc5+ 38. Kf1 Bd6 39. Be2 Bf7
40. g4 hxg4 41. Bxg4 Bb3 42. a5 bxa5 43. Bxa5 Ke7 44. Bc3 Bc5 45. f6+ Kf8 46.
Be2 Be3 47. g4 Kf7 48. Kg2 Bd5+ 49. Kg3 Bg5 50. Bd4 Bxf6 51. Bxa7 Be5+ 52. Kf2
Bf6 53. Bf3 Bc4 54. Be2 Bd5 55. Be3 Bh4+ 56. Kg1 Bg3 57. b6 Bb7 58. Bf1 Bf3 59.
g5 Bb8 60. Bg2 Be2 61. Kf2 Bb5 62. Bd5+ Kg6 63. Kf3 1-0

[Event "14. Obert Int. Sant Marti 2012"]
[Site "Barcelona ESP"]
[Date "2012.07.20"]
[Round "8.36"]
[White "Deleyn, Gunter"]
[Black "Molinero Martin, Joan"]
[Result "1-0"]
[WhiteElo "2197"]
[BlackElo "2046"]
[PlyCount "57"]
[EventDate "2012.07.13"]
[EventType "swiss"]
[EventRounds "9"]
[EventCountry "ESP"]
[SourceTitle "Ajedrez en Madrid"]
[Source "lmi"]
[SourceDate "2012.07.13"]
[SourceVersion "1"]
[SourceVersionDate "2019.06.21"]
[SourceQuality "1"]

1. g3 Nf6 2. Bg2 e5 3. d3 d5 4. Nf3 Nc6 5. O-O Bg4 6. c3 Qd7 7. Qc2 Bh3 8. Bg5
Bxg2 9. Kxg2 Be7 10. Nbd2 h6 11. Bxf6 Bxf6 12. b4 g5 13. Rab1 h5 14. c4 h4 15.
g4 Qxg4+ 16. Kh1 Qd7 17. cxd5 Nd4 18. Ne4 Be7 19. Nxd4 exd4 20. d6 f5 21. dxe7
fxe4 22. Qc5 Qxe7 23. Qxd4 Rh6 24. dxe4 Rd8 25. Qe3 Ra6 26. a3 Kd7 27. Rg1 Rg8
28. Rg4 Ra4 29. Qh3 1-0

[Event "14. Obert Int. Sant Marti 2012"]
[Site "Barcelona ESP"]
[Date "2012.07.20"]
[Round "8.37"]
[White "Lacasta Palacio, Joaquim"]
[Black "Jaramillo Ochoa, Mateo"]
[Result "1/2-1/2"]
[WhiteElo "2195"]
[BlackElo "2030"]
[PlyCount "94"]
[EventDate "2012.07.13"]
[EventType "swiss"]
[EventRounds "9"]
[EventCountry "ESP"]
[SourceTitle "Ajedrez en Madrid"]
[Source "lmi"]
[SourceDate "2012.07.13"]
[SourceVersion "1"]
[SourceVersionDate "2019.06.21"]
[SourceQuality "1"]

1. g3 e5 2. c4 Nf6 3. Bg2 d5 4. cxd5 Nxd5 5. Nc3 Nb6 6. Nf3 Nc6 7. O-O Be7 8.
d3 O-O 9. Be3 Be6 10. d4 exd4 11. Nxd4 Nxd4 12. Qxd4 Qxd4 13. Bxd4 c6 14. b3
Rfd8 15. Rad1 Bb4 16. Ne4 Bd5 17. Rd3 Rd7 18. Rfd1 Rad8 19. Bxb6 axb6 20. Bh3
Re7 21. Rd4 Bc5 22. Nxc5 bxc5 23. R4d2 Rde8 24. Bg2 Bxg2 25. Kxg2 f6 26. e3 Ra8
27. Kf3 Kf7 28. h4 Ke8 29. h5 Rc7 30. Kf4 Ke7 31. f3 Ke6 32. e4 Ra5 33. g4 b5
34. Rc1 b4 35. Rdc2 Kd6 36. Rd1+ Ke6 37. Rcd2 Ke7 38. Rg1 Rd7 39. Rgg2 Rxd2 40.
Rxd2 c4 41. bxc4 Ra3 42. c5 g5+ 43. hxg6 hxg6 44. e5 fxe5+ 45. Kxe5 Rxf3 46.
Rb2 Rc3 47. Rxb4 Rxc5+ 1/2-1/2

[Event "14. Obert Int. Sant Marti 2012"]
[Site "Barcelona ESP"]
[Date "2012.07.20"]
[Round "8.38"]
[White "Diaz-flores Garcia, Pablo"]
[Black "Meza Martinez, Alcides Ivan"]
[Result "1/2-1/2"]
[WhiteElo "2018"]
[BlackElo "2187"]
[PlyCount "35"]
[EventDate "2012.07.13"]
[EventType "swiss"]
[EventRounds "9"]
[EventCountry "ESP"]
[SourceTitle "Ajedrez en Madrid"]
[Source "lmi"]
[SourceDate "2012.07.13"]
[SourceVersion "1"]
[SourceVersionDate "2019.06.21"]
[SourceQuality "1"]

1. d4 e6 2. Nf3 f5 3. Bg5 Nf6 4. Nbd2 d5 5. e3 Be7 6. Bd3 c5 7. c3 Nc6 8. O-O
O-O 9. a3 c4 10. Bc2 b5 11. b3 cxb3 12. Nxb3 Bd7 13. Qe2 Rc8 14. Rfc1 Na5 15.
Nxa5 Qxa5 16. Ne5 Be8 17. a4 Qxc3 18. axb5 1/2-1/2

[Event "14. Obert Int. Sant Marti 2012"]
[Site "Barcelona ESP"]
[Date "2012.07.20"]
[Round "8.39"]
[White "Ponce Garcia, Joan"]
[Black "Lopez Forn, Marc"]
[Result "1/2-1/2"]
[WhiteElo "2102"]
[BlackElo "2032"]
[PlyCount "96"]
[EventDate "2012.07.13"]
[EventType "swiss"]
[EventRounds "9"]
[EventCountry "ESP"]
[SourceTitle "Ajedrez en Madrid"]
[Source "lmi"]
[SourceDate "2012.07.13"]
[SourceVersion "1"]
[SourceVersionDate "2019.06.21"]
[SourceQuality "1"]

1. d4 Nf6 2. c4 Nc6 3. Nf3 e6 4. Nc3 Bb4 5. Qc2 d5 6. Bg5 h6 7. Bxf6 Qxf6 8.
O-O-O Bxc3 9. Qxc3 a5 10. a3 O-O 11. h4 a4 12. Qc2 dxc4 13. e3 b5 14. Be2 Bb7
15. Rh3 Na5 16. g4 Nb3+ 17. Kb1 Qg6 18. Ne5 Qxc2+ 19. Kxc2 f6 20. Nf3 Be4+ 21.
Kc3 c5 22. Nd2 b4+ 23. axb4 cxb4+ 24. Kxb4 Bc2 25. Nxc4 Bxd1 26. Bxd1 Rfb8+ 27.
Ka3 Kf7 28. f4 Ke7 29. Rh2 Na5 30. Nxa5 Rxa5 31. Bxa4 Rba8 32. b3 Rc8 33. Kb2
Kd6 34. e4 Ra7 35. Bb5 Rb8 36. Bc4 Rba8 37. e5+ fxe5 38. dxe5+ Ke7 39. Kc3 Ra1
40. f5 exf5 41. gxf5 Re1 42. Rg2 Rxe5 43. Rxg7+ Kd6 44. Kd4 Rxf5 45. Rg6+ Ke7
46. Rxh6 Rd8+ 47. Ke4 Rf6 48. Rh5 Rdd6 1/2-1/2

[Event "14. Obert Int. Sant Marti 2012"]
[Site "Barcelona ESP"]
[Date "2012.07.20"]
[Round "8.40"]
[White "Ginesta Caballero, Olga Lucia"]
[Black "Vilalta Vidal, Javier"]
[Result "1/2-1/2"]
[WhiteElo "2093"]
[BlackElo "1942"]
[PlyCount "66"]
[EventDate "2012.07.13"]
[EventType "swiss"]
[EventRounds "9"]
[EventCountry "ESP"]
[SourceTitle "Ajedrez en Madrid"]
[Source "lmi"]
[SourceDate "2012.07.13"]
[SourceVersion "1"]
[SourceVersionDate "2019.06.21"]
[SourceQuality "1"]

1. e4 c5 2. Nc3 Nc6 3. f4 g6 4. Nf3 Bg7 5. Bb5 Nd4 6. d3 Nxb5 7. Nxb5 d6 8. O-O
e6 9. f5 Nf6 10. Qe1 O-O 11. Nxd6 exf5 12. Nxc8 fxe4 13. dxe4 Qxc8 14. e5 Nd5
15. Qh4 Qd8 16. Bg5 Qb6 17. c4 Nc7 18. Be7 Rfe8 19. Bd6 h6 20. Qf2 Ne6 21. Nh4
Ng5 22. Bxc5 Qe6 23. Rae1 Qg4 24. Kh1 Rxe5 25. Rxe5 Bxe5 26. b3 b6 27. Be3 Rf8
28. Nxg6 Bxh2 29. Qf6 Be5 30. Nxe5 Qh4+ 31. Kg1 Nh3+ 32. Kh2 Ng5+ 33. Kg1 Nh3+
1/2-1/2

[Event "14. Obert Int. Sant Marti 2012"]
[Site "Barcelona ESP"]
[Date "2012.07.20"]
[Round "8.41"]
[White "Khairullin, Adel"]
[Black "Vazquez Gamero, Miguel"]
[Result "1-0"]
[WhiteElo "2004"]
[BlackElo "2088"]
[PlyCount "51"]
[EventDate "2012.07.13"]
[EventType "swiss"]
[EventRounds "9"]
[EventCountry "ESP"]
[SourceTitle "Ajedrez en Madrid"]
[Source "lmi"]
[SourceDate "2012.07.13"]
[SourceVersion "1"]
[SourceVersionDate "2019.06.21"]
[SourceQuality "1"]

1. e4 d5 2. exd5 Nf6 3. d4 Qxd5 4. Nc3 Qa5 5. Be2 Nc6 6. Be3 Ne4 7. Bd2 Nxd2 8.
Qxd2 Bf5 9. Nf3 O-O-O 10. O-O e6 11. Rfd1 g5 12. a3 Bg4 13. Qxg5 Qf5 14. Qe3
Bd6 15. Ne1 Rhg8 16. Bxg4 Rxg4 17. Ne2 h5 18. c4 Rdg8 19. b4 h4 20. c5 Be7 21.
b5 Re4 22. Qd2 Nb8 23. f3 Bg5 24. fxe4 Qxe4 25. Qd3 Qg4 26. Qf3 1-0

[Event "14. Obert Int. Sant Marti 2012"]
[Site "Barcelona ESP"]
[Date "2012.07.20"]
[Round "8.42"]
[White "Tarrago Domingo, Miguel"]
[Black "Franch Guiral, Ramon"]
[Result "1/2-1/2"]
[WhiteElo "2046"]
[BlackElo "1948"]
[PlyCount "53"]
[EventDate "2012.07.13"]
[EventType "swiss"]
[EventRounds "9"]
[EventCountry "ESP"]
[SourceTitle "Ajedrez en Madrid"]
[Source "lmi"]
[SourceDate "2012.07.13"]
[SourceVersion "1"]
[SourceVersionDate "2019.06.21"]
[SourceQuality "1"]

1. Nf3 d6 2. d4 Nf6 3. g3 g6 4. Bg2 Bg7 5. c4 c6 6. O-O O-O 7. Nc3 Nbd7 8. e4
e5 9. dxe5 Nxe5 10. Nxe5 dxe5 11. Qe2 Be6 12. Rd1 Qc7 13. f3 Rad8 14. Be3 b6
15. Bf1 Rxd1 16. Rxd1 Rd8 17. Rd2 Ne8 18. Qd1 Rxd2 19. Qxd2 f5 20. Bf2 Qf7 21.
Qd3 Bf6 22. b3 h5 23. h4 Qe7 24. Bh3 Ng7 25. Ne2 Kf8 26. Kh2 Qd7 27. Qxd7
1/2-1/2

[Event "14. Obert Int. Sant Marti 2012"]
[Site "Barcelona ESP"]
[Date "2012.07.20"]
[Round "8.43"]
[White "Isgandarova, Khayala"]
[Black "Porta Tovar, Oriol"]
[Result "1-0"]
[WhiteElo "2206"]
[BlackElo "1900"]
[PlyCount "99"]
[EventDate "2012.07.13"]
[EventType "swiss"]
[EventRounds "9"]
[EventCountry "ESP"]
[SourceTitle "Ajedrez en Madrid"]
[Source "lmi"]
[SourceDate "2012.07.13"]
[SourceVersion "1"]
[SourceVersionDate "2019.06.21"]
[SourceQuality "1"]

1. e4 e5 2. Nf3 Nc6 3. Bc4 Bc5 4. c3 Nf6 5. d4 exd4 6. e5 d5 7. Bb5 Ne4 8. cxd4
Bb4+ 9. Nbd2 Bd7 10. O-O O-O 11. Qa4 Bxd2 12. Nxd2 a6 13. Bxc6 Bxc6 14. Qc2 f6
15. f4 f5 16. Nf3 Qd7 17. Bd2 h6 18. Rac1 Rfe8 19. Nh4 Rac8 20. Rf3 Kh7 21. Kh1
Qf7 22. Rg1 Bd7 23. Be1 g5 24. fxg5 hxg5 25. Nxf5 Bxf5 26. g4 Nf2+ 27. Rxf2
Bxc2 28. Rxf7+ Kg8 29. Rgf1 Be4+ 30. Kg1 Rf8 31. Rxf8+ Rxf8 32. Rxf8+ Kxf8 33.
Bd2 b6 34. b4 Kf7 35. Bxg5 c5 36. bxc5 bxc5 37. dxc5 Ke6 38. c6 d4 39. c7 Bb7
40. Bf6 Kd7 41. Kf2 Kxc7 42. h4 Bd5 43. a3 Be6 44. Kf3 Kc6 45. Bg5 Kd5 46. Bf4
Kc4 47. h5 Bd5+ 48. Kf2 Bg8 49. g5 Kd5 50. g6 1-0

[Event "14. Obert Int. Sant Marti 2012"]
[Site "Barcelona ESP"]
[Date "2012.07.20"]
[Round "8.44"]
[White "Ezquerro Luque, Albert"]
[Black "Ruiz Molina, Gabriel"]
[Result "1-0"]
[WhiteElo "2041"]
[BlackElo "1945"]
[PlyCount "83"]
[EventDate "2012.07.13"]
[EventType "swiss"]
[EventRounds "9"]
[EventCountry "ESP"]
[SourceTitle "Ajedrez en Madrid"]
[Source "lmi"]
[SourceDate "2012.07.13"]
[SourceVersion "1"]
[SourceVersionDate "2019.06.21"]
[SourceQuality "1"]

1. e4 e6 2. Nc3 d5 3. g3 dxe4 4. Nxe4 Bd7 5. d4 Bc6 6. f3 Nd7 7. c3 h5 8. h3
Nh6 9. Bd3 Qe7 10. Ne2 O-O-O 11. Be3 Nf5 12. Bf2 g5 13. b4 Nd6 14. Be3 f6 15.
Qb3 Bg7 16. b5 Bxe4 17. fxe4 e5 18. d5 f5 19. Qa3 fxe4 20. Bxe4 Rde8 21. Bg2 b6
22. Qxa7 e4 23. Qa6+ Kd8 24. Qa8+ Nc8 25. O-O Rhf8 26. a4 h4 27. gxh4 gxh4 28.
Nf4 Nc5 29. Ne6+ Nxe6 30. dxe6 Qxe6 31. Rad1+ Ke7 32. Bg5+ Bf6 33. Rxf6 Rxf6
34. Rf1 Ref8 35. Bxh4 e3 36. Qb7 Kd8 37. Rd1+ Nd6 38. Qb8+ Qc8 39. Rxd6+ cxd6
40. Qxd6+ Qd7 41. Qxf8+ Kc7 42. Qxf6 1-0

[Event "14. Obert Int. Sant Marti 2012"]
[Site "Barcelona ESP"]
[Date "2012.07.20"]
[Round "8.45"]
[White "Garcia Mosquera, David"]
[Black "Cardenas, Fernando Adrian"]
[Result "1-0"]
[WhiteElo "2033"]
[BlackElo "1916"]
[PlyCount "153"]
[EventDate "2012.07.13"]
[EventType "swiss"]
[EventRounds "9"]
[EventCountry "ESP"]
[SourceTitle "Ajedrez en Madrid"]
[Source "lmi"]
[SourceDate "2012.07.13"]
[SourceVersion "1"]
[SourceVersionDate "2019.06.21"]
[SourceQuality "1"]

1. e4 c5 2. f4 e6 3. Nf3 d5 4. e5 Nc6 5. c3 Nh6 6. Be2 Be7 7. Na3 f6 8. d3 O-O
9. O-O Qb6 10. Nc2 fxe5 11. fxe5 Nf5 12. g4 Nh4 13. Nxh4 Rxf1+ 14. Qxf1 Bxh4
15. Qf4 h6 16. d4 Bd7 17. dxc5 Qc7 18. Qe3 Rf8 19. Qh3 Bf2+ 20. Kh1 Qxe5 21.
Bd3 Qf6 22. g5 Qf3+ 23. Qxf3 Rxf3 24. Be2 Rf8 25. gxh6 e5 26. hxg7 Kxg7 27. Be3
d4 28. Bxf2 Rxf2 29. Rg1+ Kf6 30. Rg2 Rf4 31. Kg1 Bf5 32. Ne1 e4 33. cxd4 Nxd4
34. Rf2 e3 35. Rxf4 Nxe2+ 36. Kg2 Nxf4+ 37. Kf3 Ne6 38. b4 Kg5 39. Kxe3 Kf6 40.
Nf3 Bg4 41. Nd4 Ke5 42. Nb5 a6 43. Nd6 Nd8 44. Kd3 Kd5 45. Kc3 Kc6 46. Nc4 Be6
47. a4 Bh3 48. Ne5+ Kd5 49. Nd3 Ne6 50. b5 a5 51. c6 Kd6 52. Ne5 b6 53. Nd7 Kc7
54. Nf6 Kd6 55. Nd7 Kc7 56. Nf6 Bg2 57. h4 Nc5 58. Kd4 Kd6 59. h5 Ne6+ 60. Kc3
Ng5 61. Kd4 Ne6+ 62. Kc3 Ng5 63. Kd4 Nf3+ 64. Kc3 Ne5 65. Kd4 Nf7 66. Nd7 Kc7
67. Nf6 Bf3 68. Nd5+ Kd6 69. Nxb6 Bxh5 70. Nc4+ Kc7 71. Kc5 Bf3 72. b6+ Kb8 73.
Nxa5 Ne5 74. Kd6 Nf7+ 75. Ke6 Bxc6 76. Nxc6+ Kb7 77. a5 1-0

[Event "14. Obert Int. Sant Marti 2012"]
[Site "Barcelona ESP"]
[Date "2012.07.20"]
[Round "8.46"]
[White "Masferrer Niubo, Enric"]
[Black "Garcia Acosta, Roger"]
[Result "1/2-1/2"]
[WhiteElo "2000"]
[BlackElo "1894"]
[PlyCount "112"]
[EventDate "2012.07.13"]
[EventType "swiss"]
[EventRounds "9"]
[EventCountry "ESP"]
[SourceTitle "Ajedrez en Madrid"]
[Source "lmi"]
[SourceDate "2012.07.13"]
[SourceVersion "1"]
[SourceVersionDate "2019.06.21"]
[SourceQuality "1"]

1. e4 e5 2. Nf3 Nc6 3. Bc4 Bc5 4. c3 Nf6 5. d4 exd4 6. cxd4 Bb4+ 7. Bd2 Bxd2+
8. Nbxd2 d5 9. exd5 Nxd5 10. O-O O-O 11. Ne5 Nxd4 12. Nb3 Nxb3 13. Bxd5 Qf6 14.
Bxf7+ Rxf7 15. Qxb3 Qxe5 16. Rae1 Be6 17. Qxe6 Qxe6 18. Rxe6 Rd8 19. Rfe1 Rfd7
20. f4 c5 21. Kf2 b6 22. Rc6 Kf7 23. Kf3 Rd6 24. Rc7+ R8d7 25. Rxd7+ Rxd7 26.
Re4 Rd2 27. Re2 Rd1 28. b3 h5 29. Re4 g6 30. h3 Rf1+ 31. Kg3 Kf6 32. b4 Rc1 33.
bxc5 Rxc5 34. Kf3 Ra5 35. a4 Rd5 36. Rb4 Rd3+ 37. Kf2 Kf5 38. g3 Kf6 39. Kg2
Ra3 40. Kf2 h4 41. gxh4 Rxh3 42. a5 bxa5 43. Ra4 Rxh4 44. Rxa5 Rxf4+ 45. Kg1
Rb4 46. Rxa7 Rb2 47. Ra1 g5 48. Rf1+ Kg6 49. Re1 Kh5 50. Rd1 Kh4 51. Rc1 Rb3
52. Ra1 Kg3 53. Rf1 g4 54. Ra1 Kh3 55. Rc1 g3 56. Rd1 Rb2 1/2-1/2